Soft systems methodology: a 30 year retrospective

Spremljeno u:
Bibliografski detalji
Glavni autor: Checkland, Peter (Autor)
Format: Knjiga
Jezik:engleski
Izdano: Chichester John Wiley and Sons 1999
Teme:
Oznake: Dodaj oznaku
Bez oznaka, Budi prvi tko označuje ovaj zapis!

MARC

LEADER 00000nam a2200000 a 4500
001 UCM7964
003 CL-VaPUC
008 030117e19990000UK |||||||||||||||||eng|d
082 0 4 |a 003  |b CHE  |2 21 
100 0 |a Checkland, Peter  |e author  |9 473770 
245 1 0 |a Soft systems methodology: a 30 year retrospective 
300 |a 330 p 
942 |c BK 
945 |d 20030117 00:00:00  |a vberengu 
260 |a Chichester  |b John Wiley and Sons  |c 1999 
650 0 |a Teoría de sistemas  |9 260742 
650 0 |a Análisis de sistemas   |9 260059 
583 |a last modification  |c 20030117 00:00:00  |k Rodrigo Vera 
999 |c 302586  |d 302584 
952 |0 0  |1 0  |4 0  |6 003_000000000000000_CHE_1999  |7 0  |8 A  |9 363260  |a BIBING  |b BIBING  |d 2019-11-21  |i 3875016  |l 1  |o 003 CHE 1999  |p 3875016  |r 2024-01-25  |s 2020-07-27  |w 2019-11-21  |y BK  |k EII